00905pam a2200289 a 45000010005000000030006000050050017000110080041000280100017000690200020000860200022001060400023001280500013001510820008001641000020001722450062001922600041002543000048002954400023003435050007003665200134003735210019005075210018005266500019005446500019005637000033005824285FISKH20240712081713.0930823s1994 nyua j 000 1 eng  a 93034127  a0448402203 (GB) a044840219X (pbk.) aDLCcDLCdDLCbeng aPZ7.O222 a8131 aO'Connor, Jane.10aSplat! /cby Jane O'Connor ; illustrated by Marilyn Mets. aNew York :bGrosset & Dunlap,c1994. a32 pages : bcolor illustrations ; c23 cm  0aAll aboard reading aF  aA young boy, bothered by his size, thinks that the super squirt gun he buys will transform him from "Squirt" into "Splat Master."8 a300 bLexile 8 aF bRaz-Plus  1aSizexFiction. 1aToysxFiction.1 aMets, Marilyn,eillustrator